Toutes les communes des Bouches-du-Rhône sur une carte - Statistiques

Statistiques générales
  • Ce quiz a été pris 5 022 fois
  • Le résultat moyen est 42 sur 119
Réponses sur la Carte
Les réponses sont colorées sur une échelle allant du rouge au vert en fonction du pourcentage des utilisateurs qui les ont devinées à leur premier essai. Vous pouvez retrouver ces pourcentages ci-dessous.
 
Statistiques - réponses
Population Commune % Correct
870 731 Marseille
99%
145 133 Aix-en-Provence
95%
50 454 Arles
90%
48 574 Martigues
86%
47 535 Aubagne
84%
43 626 Istres
81%
32 384 Marignane
81%
6 905 Cassis
80%
35 993 La Ciotat
78%
45 386 Salon-de-Provence
78%
33 333 Vitrolles
74%
15 687 Fos-sur-Mer
71%
13 660 Berre-l'Étang
65%
26 428 Miramas
63%
21 372 Allauch
57%
5 690 Carry-le-Rouet
56%
21 521 Gardanne
56%
21 623 Les Pennes-Mirabeau
52%
16 651 Port-de-Bouc
51%
2 380 Châteauneuf-le-Rouge
50%
17 606 Châteauneuf-les-Martigues
50%
8 424 Port-Saint-Louis-du-Rhône
50%
2 144 Saintes-Maries-de-la-Mer
50%
13 413 Saint-Martin-de-Crau
49%
9 769 Saint-Rémy-de-Provence
48%
14 838 Bouc-Bel-Air
46%
12 086 Rognac
46%
15 811 Tarascon
45%
8 941 Lancon-Provence
44%
7 581 Sausset-les-Pins
44%
10 303 Trets
43%
11 649 Plan-de-Cuques
41%
11 196 Septèmes-les-Vallons
40%
9 887 Gignac-la-Nerthe
39%
8 591 Saint-Chamas
39%
16 063 Châteaurenard
38%
5 783 Ensuès-la-Redonne
38%
9 918 Cabriès
37%
10 161 Fuveau
37%
5 145 Le Rove
37%
8 030 Éguilles
35%
6 519 La Penne-sur-Huveaune
35%
342 Les Baux-de-Provence
35%
6 635 Gémenos
34%
8 744 La Fare-les-Oliviers
34%
9 909 Lambesc
34%
5 820 Saint-Mitre-les-Remparts
34%
8 400 Venelles
34%
12 922 Auriol
33%
6 015 Roquefort-la-Bédoule
33%
6 498 Carnoux-en-Provence
32%
10 487 Pélissanne
32%
6 894 Sénas
32%
6 844 Eyguières
31%
5 407 Ventabren
31%
5 244 Cuges-les-Pins
30%
2 821 Orgon
30%
5 638 Saint-Cannat
30%
6 134 Mallemort
29%
4 918 Rousset
29%
5 808 Simiane-Collongue
29%
8 582 Velaux
29%
828 La Barben
28%
6 270 La Bouilladisse
28%
5 426 La Roque-d'Anthéron
28%
885 Saint-Paul-lès-Durance
28%
6 631 Saint-Victoret
28%
3 702 Coudoux
27%
5 598 Peypin
27%
5 196 Grans
26%
5 821 Meyreuil
26%
4 213 Mimet
26%
4 637 Rognes
26%
4 729 Ceyreste
25%
3 855 Meyrargues
25%
5 134 Peyrolles-en-Provence
25%
3 515 Plan-d'Orgon
25%
4 271 Gréasque
24%
5 882 Le Puy-Sainte-Réparade
24%
2 271 Le Tholonet
24%
8 713 Roquevaire
24%
1 740 Eygalières
23%
3 768 La Destrousse
23%
3 410 Mouriès
23%
1 007 Vauvenargues
23%
3 544 Fontvieille
22%
4 406 Jouques
22%
2 362 Maussane-les-Alpilles
22%
2 037 Lamanon
21%
215 Saint-Pierre-de-Mézoargues
21%
1 545 Aureille
20%
4 439 Cabannes
20%
2 168 Cadolive
20%
5 847 Noves
20%
4 058 Rognonas
20%
1 236 Saint-Marc-Jaumegarde
20%
4 192 Barbentane
19%
3 540 Peynier
19%
1 783 Puyloubier
19%
2 497 Saint-Étienne-du-Grès
19%
1 437 Cornillon-Confoux
18%
4 496 Eyragues
18%
2 626 Alleins
17%
1 916 Belcodène
17%
1 509 Boulbon
17%
2 669 Charleval
17%
4 856 Graveson
17%
2 667 Maillane
16%
3 346 Saint-Andiol
16%
123 Saint-Antonin-sur-Bayon
16%
3 443 Saint-Savournin
16%
2 110 Paradou
15%
379 Saint-Estève-Janson
15%
517 Mas-Blanc-des-Alpilles
14%
2 028 Vernègues
14%
2 656 Mollégès
13%
563 Aurons
12%
593 Beaurecueil
12%
819 Verquières
10%
Aucun quiz correspondant
Distribution des résultats
% des personnes avec chaque résultat
Percentile par nombre de réponses
Votre historique - résultats
Vous n’avez pas pris ce quiz